000 01676nam a2200385 c 4500
003 BLK
005 20241105111639.0
008 180411b bul|||||r ||||||| ||bul||
010 _aKNG00180284000
020 _a978-954-8311-54-0
_bиздат.: Леге Артис
040 _aBLK
041 _aBUL
_cBUL
072 7 _2bullib
_aН83
_xЧужда художествена литература Н
080 _aФренска литература
_b821.133.1
_x-31
_z821.133.1-31
100 1 _aГари, Ромен
_eпърви автор
_gКацев, Роман
_9376207
700 1 _aКитинска, Зорница Стефанова
_eпрев. от фр.
_979412
700 1 _aКацев, Роман
_e*
_9313194
139 _aГари, Ромен
_bГ 23
245 1 0 _aСияние на жена
_bРоман
_cРомен Гари; прев. от фр. Зорница Стефанова Китинска; * Роман Кацев.
250 _a2. изд.
257 _aFRA
260 Плевен
_bЛеге Артис
_c2014
_fСофия : Артграф
300 _a148 с.
_c22 см
380 _aX
490 1 _aПоредица Безкрайна проза
500 _a1. изд. 2004 на изд. Леге Артис. - Ориг. загл. Clair de femme / Romain Gary. - Ромен Гари е псевдоним на Роман Кацев.
653 _aромани
659 _aН
852 _aЦб 276155
856 4 _qpdf
_u
856 4 _qpdf
_u
942 _cKNG
_n0
_018
944 _aCR
_c25.08.2015
_lРусанова Ирена
_k30542
944 _aED
_c23.02.2018
_lф /
_kЛюдмила_Стоянова
999 _c171986
_d171986